[Event "European Club Cup 2006"]
[Site "Fuegen AUT"]
[Date "2006.10.09"]
[Round "2.45"]
[White "Anastasian, Ashot"]
[Black "Becker, Martin"]
[Result "1-0"]
[WhiteElo "2580"]
[BlackElo "2315"]
[PlyCount "53"]
[EventDate "2006.10.08"]
[EventType "team"]
[EventRounds "7"]
[EventCountry "AUT"]
[Source "lmi"]
[SourceDate "2006.10.08"]

1. c4 e6 2. g3 d5 3. Bg2 Nf6 4. Nf3 dxc4 5. Qa4+ c6 6. Qxc4 b5 7. Qc2 Bb7 8.
O-O Nbd7 9. d3 c5 10. Bg5 Be7 11. Nc3 a6 12. a4 Qb6 13. axb5 axb5 14. Qb3 Rxa1
15. Rxa1 Bc6 16. Nd2 Ng4 17. Bxc6 Qxc6 18. Bxe7 Kxe7 19. Nxb5 Rb8 20. Ra5 h5
21. Qa4 Ngf6 22. Nc3 Qxa4 23. Nxa4 Nd5 24. Ne4 Rb4 25. Ra7 Ke8 26. Nd6+ Ke7 27.
Nc4 1-0

[Event "European Club Cup 2006"]
[Site "Fuegen AUT"]
[Date "2006.10.09"]
[Round "2.46"]
[White "Kniest, Oliver"]
[Black "Petrosian, Tigran L"]
[Result "0-1"]
[WhiteElo "2262"]
[BlackElo "2573"]
[PlyCount "98"]
[EventDate "2006.10.08"]
[EventType "team"]
[EventRounds "7"]
[EventCountry "AUT"]
[Source "lmi"]
[SourceDate "2006.10.08"]

1. d4 Nf6 2. c4 g6 3. Nc3 d5 4. Nf3 Bg7 5. Bf4 O-O 6. Rc1 dxc4 7. e3 c5 8. Bxc4
cxd4 9. Nxd4 Nbd7 10. Nb3 Nb6 11. Qxd8 Rxd8 12. Bc7 Rf8 13. Bxb6 axb6 14. O-O
Bd7 15. Nd4 Rfc8 16. Bb3 Rc5 17. h3 Rac8 18. Rcd1 b5 19. a3 Be8 20. Bc2 Nd5 21.
Nxd5 Rxd5 22. Be4 Rd7 23. Rc1 Rdc7 24. Rxc7 Rxc7 25. Rd1 Kf8 26. Bd3 Rd7 27.
Be2 e5 28. Nc2 Rxd1+ 29. Bxd1 e4 30. b3 Ke7 31. Kf1 Kd6 32. Ke2 Bc3 33. f3 f5
34. fxe4 fxe4 35. Kf2 Ke5 36. Be2 Bf7 37. b4 Bb3 38. Bd1 g5 39. g4 Kd5 40. Kf1
Bc4+ 41. Kf2 Bb2 42. Ke1 Bc1 43. Kf2 Bb2 44. Ke1 Bd3 45. Kd2 Kc4 46. Ke1 Kc3
47. Nd4 Bxa3 48. Ne6 Bxb4 49. Nxg5 Be7 0-1

[Event "European Club Cup 2006"]
[Site "Fuegen AUT"]
[Date "2006.10.09"]
[Round "2.47"]
[White "Thorhallsson, Throstur"]
[Black "Efimenko, Zahar"]
[Result "0-1"]
[WhiteElo "2469"]
[BlackElo "2612"]
[PlyCount "42"]
[EventDate "2006.10.08"]
[EventType "team"]
[EventRounds "7"]
[EventCountry "AUT"]
[Source "lmi"]
[SourceDate "2006.10.08"]

1. e4 e5 2. d4 exd4 3. Qxd4 Nc6 4. Qe3 g6 5. Nc3 Bg7 6. Bc4 Nf6 7. Qe2 O-O 8.
Bg5 h6 9. Bh4 b5 10. Nxb5 g5 11. Bg3 Nxe4 12. Bxc7 Qf6 13. c3 Ba6 14. O-O-O
Rfe8 15. Qc2 Bxb5 16. Bxb5 Rac8 17. f3 Nb4 18. Qb3 Nxa2+ 19. Qxa2 Nxc3 20. bxc3
Qxc3+ 21. Kb1 Qb4+ 0-1

[Event "European Club Cup 2006"]
[Site "Fuegen AUT"]
[Date "2006.10.09"]
[Round "2.48"]
[White "Areshchenko, Alexander"]
[Black "Kristjansson, Stefan"]
[Result "1-0"]
[WhiteElo "2640"]
[BlackElo "2482"]
[PlyCount "43"]
[EventDate "2006.10.08"]
[EventType "team"]
[EventRounds "7"]
[EventCountry "AUT"]
[Source "lmi"]
[SourceDate "2006.10.08"]

1. e4 e6 2. d4 d5 3. Nc3 Bb4 4. e5 Ne7 5. a3 Bxc3+ 6. bxc3 c5 7. Qg4 Kf8 8. a4
b6 9. Nf3 Ba6 10. Bb5 Bxb5 11. axb5 cxd4 12. Qxd4 Nd7 13. Ba3 Kg8 14. c4 Nf5
15. Qf4 Qc7 16. O-O dxc4 17. Qe4 Rc8 18. g4 Nh6 19. Rfd1 f5 20. exf6 Nxf6 21.
Qxe6+ Nf7 22. Bd6 1-0

[Event "European Club Cup 2006"]
[Site "Fuegen AUT"]
[Date "2006.10.09"]
[Round "2.49"]
[White "Steingrimsson, Hedinn"]
[Black "Hracek, Zbynek"]
[Result "1/2-1/2"]
[WhiteElo "2466"]
[BlackElo "2614"]
[PlyCount "105"]
[EventDate "2006.10.08"]
[EventType "team"]
[EventRounds "7"]
[EventCountry "AUT"]
[Source "lmi"]
[SourceDate "2006.10.08"]

1. d4 Nf6 2. c4 e6 3. Nc3 Bb4 4. Qc2 O-O 5. a3 Bxc3+ 6. Qxc3 b6 7. Bg5 Ba6 8.
Qf3 Nc6 9. e3 Bb7 10. Rc1 h6 11. Bxf6 Qxf6 12. Qxf6 gxf6 13. Ne2 Ne7 14. Nf4 f5
15. Be2 Ng6 16. Nh5 Bxg2 17. Rg1 Bb7 18. Nf6+ Kg7 19. Nxd7 Rfd8 20. Ne5 Kf6 21.
Bf3 Rab8 22. Bxb7 Rxb7 23. Nxg6 fxg6 24. Ke2 a5 25. b3 c6 26. Rc3 g5 27. Rb1 e5
28. Rd3 Rbd7 29. Rbd1 Ke6 30. b4 axb4 31. axb4 b5 32. cxb5 cxb5 33. f3 exd4 34.
exd4 g4 35. R1d2 Rd5 36. h3 Rc8 37. Ra3 Rc4 38. Ra6+ Rd6 39. d5+ Ke5 40. Ra8
Rd4 41. Rb2 Kxd5 42. Rb8 Ke6 43. Rc2 Rc4 44. Rc8 Kd5 45. Rc5+ Rxc5 46. Rxc5+
Kd4 47. Rxb5 Re6+ 48. Kf2 Rc6 49. h4 Rc2+ 50. Kg1 f4 51. fxg4 f3 52. Rc5 Rb2
53. g5 1/2-1/2

[Event "European Club Cup 2006"]
[Site "Fuegen AUT"]
[Date "2006.10.09"]
[Round "2.50"]
[White "Babula, Vlastimil"]
[Black "Gunnarsson, Arnar"]
[Result "1-0"]
[WhiteElo "2584"]
[BlackElo "2430"]
[PlyCount "71"]
[EventDate "2006.10.08"]
[EventType "team"]
[EventRounds "7"]
[EventCountry "AUT"]
[Source "lmi"]
[SourceDate "2006.10.08"]

1. d4 f5 2. c4 Nf6 3. g3 e6 4. Bg2 c6 5. Qc2 d5 6. Nh3 Bd6 7. O-O O-O 8. Bf4
Be7 9. Nd2 h6 10. Bxb8 Rxb8 11. Nf4 g5 12. Ng6 Rf7 13. Nxe7+ Rxe7 14. Nf3 Nd7
15. Rfc1 Kf8 16. b4 b6 17. a4 Ba6 18. Nd2 Nf6 19. a5 dxc4 20. Nxc4 Bxc4 21.
Qxc4 Nd5 22. Qxc6 Nxb4 23. Qc4 bxa5 24. Qc5 Qb6 25. Qe5 Kf7 26. Rxa5 Rd8 27.
Rc4 Nd5 28. Bxd5 Qb1+ 29. Kg2 exd5 30. Rc7 Qe4+ 31. Qxe4 dxe4 32. Rxf5+ Kg6 33.
Rxg5+ hxg5 34. Rxe7 a5 35. Re6+ Kh5 36. h3 1-0

[Event "European Club Cup 2006"]
[Site "Fuegen AUT"]
[Date "2006.10.09"]
[Round "2.51"]
[White "Gunnarsson, Jon Viktor"]
[Black "Nyback, Tomi"]
[Result "1/2-1/2"]
[WhiteElo "2414"]
[BlackElo "2575"]
[PlyCount "72"]
[EventDate "2006.10.08"]
[EventType "team"]
[EventRounds "7"]
[EventCountry "AUT"]
[Source "lmi"]
[SourceDate "2006.10.08"]

1. e4 e5 2. Nf3 Nc6 3. Bc4 Nf6 4. d4 exd4 5. e5 d5 6. Bb5 Ne4 7. Nxd4 Bd7 8.
Bxc6 Bxc6 9. O-O Bc5 10. Be3 O-O 11. f3 Ng5 12. f4 Ne4 13. Nd2 Bxd4 14. Bxd4
Bb5 15. Re1 Nxd2 16. Qxd2 Qd7 17. Rad1 Rac8 18. Qf2 Qf5 19. Re3 b6 20. b4 f6
21. exf6 gxf6 22. g4 Qd7 23. Rde1 Rce8 24. Qh4 Rxe3 25. Rxe3 Qe6 26. g5 fxg5
27. Qxg5+ Qg6 28. Rg3 Qxg5 29. Rxg5+ Kf7 30. Rxd5 Ba4 31. Rf5+ Ke7 32. Rxf8
Kxf8 33. c4 Bd7 34. c5 Ke7 35. Be5 bxc5 36. bxc5 c6 1/2-1/2

[Event "European Club Cup 2006"]
[Site "Fuegen AUT"]
[Date "2006.10.09"]
[Round "2.52"]
[White "Schandorff, Lars"]
[Black "Bergsson, Snorri"]
[Result "1-0"]
[WhiteElo "2534"]
[BlackElo "2334"]
[PlyCount "103"]
[EventDate "2006.10.08"]
[EventType "team"]
[EventRounds "7"]
[EventCountry "AUT"]
[Source "lmi"]
[SourceDate "2006.10.08"]

1. d4 Nf6 2. Nf3 e6 3. c4 c5 4. g3 cxd4 5. Nxd4 a6 6. Bg2 Qc7 7. b3 Bb4+ 8. Bd2
Bxd2+ 9. Qxd2 Nc6 10. Nc3 d6 11. O-O Nxd4 12. Qxd4 Bd7 13. Rfd1 Ke7 14. Rac1
Rhd8 15. Qh4 Bc6 16. Nd5+ Bxd5 17. cxd5 Qb6 18. dxe6 fxe6 19. Rc4 d5 20. Rb4
Qc7 21. Qg5 Kf8 22. Rc1 Qe7 23. Rb6 Rd6 24. Rxd6 Qxd6 25. Qe3 h6 26. f4 Rd8 27.
Bf3 Rd7 28. Rc8+ Kf7 29. Qc3 d4 30. Qc5 Qxc5 31. Rxc5 Ke7 32. Kf2 Kd6 33. Rc8
e5 34. fxe5+ Kxe5 35. Ke1 Nd5 36. Re8+ Kd6 37. Re4 Kc5 38. Re5 b5 39. a3 a5 40.
Kd2 a4 41. bxa4 bxa4 42. Kd3 g5 43. Bg4 Rd6 44. Be6 Kc6 45. Bxd5+ Rxd5 46. Re6+
Kc5 47. Ra6 Re5 48. Ra5+ Kd6 49. Rxa4 Re3+ 50. Kxd4 Rxe2 51. Ra6+ Ke7 52. Rxh6
1-0

[Event "European Club Cup 2006"]
[Site "Fuegen AUT"]
[Date "2006.10.09"]
[Round "2.53"]
[White "Polzin, Rainer"]
[Black "Van Wely, Loek"]
[Result "0-1"]
[WhiteElo "2480"]
[BlackElo "2676"]
[PlyCount "101"]
[EventDate "2006.10.08"]
[EventType "team"]
[EventRounds "7"]
[EventCountry "AUT"]
[Source "lmi"]
[SourceDate "2006.10.08"]

1. e4 c5 2. Nf3 d6 3. d4 cxd4 4. Nxd4 Nf6 5. Nc3 a6 6. f4 Qc7 7. Nf3 Nbd7 8.
Bd3 g6 9. O-O Bg7 10. Qe1 b5 11. e5 dxe5 12. fxe5 Ng4 13. e6 fxe6 14. Qe4 Qa7+
15. Kh1 Ndf6 16. Qe1 O-O 17. Qh4 Bb7 18. Ng5 b4 19. Nce4 h5 20. Bd2 Nxe4 21.
Nxe4 Bxe4 22. Bxe4 Nf2+ 23. Rxf2 Qxf2 24. Qxf2 Rxf2 25. Bxb4 Rb8 26. Bc5 Rf4
27. Bxg6 Rxb2 28. Rd1 Rg4 29. Rd8+ Bf8 30. Bd3 Rb1+ 31. Bg1 Ra4 32. g3 Rxa2 33.
Kg2 Kf7 34. h3 Bg7 35. Be3 a5 36. g4 hxg4 37. hxg4 a4 38. g5 a3 39. g6+ Kf6 40.
Re8 Rd1 41. Kf3 Rxd3 42. cxd3 Kxg6 43. Bc5 Bb2 44. Rxe7 Ra1 45. Kg2 a2 46. Kh2
Be5+ 47. Kg2 Bd4 48. Kh2 Kg5 49. Re8 Kg4 50. Ra8 Kf3 51. Ra6 0-1

[Event "European Club Cup 2006"]
[Site "Fuegen AUT"]
[Date "2006.10.09"]
[Round "2.55"]
[White "Borriss, Martin"]
[Black "Bauer, Christian"]
[Result "0-1"]
[WhiteElo "2455"]
[BlackElo "2589"]
[PlyCount "92"]
[EventDate "2006.10.08"]
[EventType "team"]
[EventRounds "7"]
[EventCountry "AUT"]
[Source "lmi"]
[SourceDate "2006.10.08"]

1. e4 c5 2. Nf3 b6 3. d4 cxd4 4. Nxd4 Bb7 5. Nc3 a6 6. Be3 e6 7. Qd2 Qc7 8. f3
Bb4 9. Nde2 Nc6 10. Bf4 e5 11. Be3 Nge7 12. a3 Bc5 13. Bg5 f6 14. Bh4 b5 15.
O-O-O Na5 16. Ng3 g5 17. Nh5 gxh4 18. Nxf6+ Kf7 19. Nfd5 Bxd5 20. Nxd5 Nxd5 21.
Qxd5+ Ke7 22. Kb1 Rac8 23. c3 Be3 24. g3 Rhf8 25. f4 Rcd8 26. fxe5 Nc6 27. Qd6+
Qxd6 28. exd6+ Kf6 29. Bh3 hxg3 30. hxg3 Kg7 31. Bf5 h6 32. Rd5 Rf7 33. Kc2 Bg5
34. b4 Bf6 35. Kb3 Rc8 36. g4 Ne5 37. Rc5 Rxc5 38. bxc5 Nd3 39. e5 Nxe5 40. a4
bxa4+ 41. Kxa4 Rf8 42. Rb1 Rc8 43. Rb7 Rxc5 44. Bxd7 Nxd7 45. Rxd7+ Kg6 46. Rc7
Rc4+ 0-1

[Event "European Club Cup 2006"]
[Site "Fuegen AUT"]
[Date "2006.10.09"]
[Round "2.56"]
[White "Hamdouchi, Hichem"]
[Black "Berndt, Stephan"]
[Result "1-0"]
[WhiteElo "2582"]
[BlackElo "2445"]
[PlyCount "81"]
[EventDate "2006.10.08"]
[EventType "team"]
[EventRounds "7"]
[EventCountry "AUT"]
[Source "lmi"]
[SourceDate "2006.10.08"]

1. e4 c5 2. Nf3 d6 3. d4 cxd4 4. Nxd4 Nf6 5. Nc3 g6 6. Be3 Bg7 7. f3 O-O 8. Qd2
Nc6 9. O-O-O d5 10. exd5 Nxd5 11. Nxc6 bxc6 12. Bd4 Nxc3 13. Qxc3 Bh6+ 14. Be3
Bxe3+ 15. Qxe3 Qb6 16. Qxe7 Be6 17. Qa3 Rad8 18. Bd3 Rd5 19. Qc3 Rc5 20. Qd4
Bxa2 21. b4 Rh5 22. Qxb6 axb6 23. Be4 Bd5 24. Bxd5 cxd5 25. Rd4 Re8 26. h4 Re2
27. g4 Rhe5 28. Rhd1 Rf2 29. Rxd5 Rxd5 30. Rxd5 Rxf3 31. Rd6 Rf4 32. Rxb6 Rxg4
33. Rb8+ Kg7 34. b5 Rxh4 35. b6 Rb4 36. c3 Rb5 37. b7 h5 38. c4 Rb4 39. c5 h4
40. c6 h3 41. Rd8 1-0

[Event "European Club Cup 2006"]
[Site "Fuegen AUT"]
[Date "2006.10.09"]
[Round "2.57"]
[White "Schneider, Ilja"]
[Black "Gomez Esteban, Juan Mario"]
[Result "0-1"]
[WhiteElo "2368"]
[BlackElo "2486"]
[PlyCount "64"]
[EventDate "2006.10.08"]
[EventType "team"]
[EventRounds "7"]
[EventCountry "AUT"]
[Source "lmi"]
[SourceDate "2006.10.08"]

1. e4 c6 2. Nf3 d5 3. exd5 cxd5 4. Ne5 Nc6 5. d4 e6 6. Bb5 Bd7 7. Nxd7 Qxd7 8.
c3 Bd6 9. Nd2 Nge7 10. Nf3 O-O-O 11. O-O Kb8 12. a4 Qc7 13. b4 e5 14. Bxc6 Nxc6
15. b5 e4 16. bxc6 exf3 17. Qxf3 bxc6 18. c4 dxc4 19. Rb1+ Ka8 20. d5 Bxh2+ 21.
Kh1 Be5 22. dxc6 Rd6 23. Re1 f6 24. Ba3 Rd3 25. Re3 Rxe3 26. Qxe3 Qxc6 27. f4
Bc7 28. Qe7 c3 29. Rb5 Re8 30. Rc5 Rxe7 31. Rxc6 Re1+ 32. Kh2 Bxf4+ 0-1

[Event "European Club Cup 2006"]
[Site "Fuegen AUT"]
[Date "2006.10.09"]
[Round "2.59"]
[White "Georgiev, Kiril"]
[Black "Sprenger, Jan Michael"]
[Result "1/2-1/2"]
[WhiteElo "2680"]
[BlackElo "2525"]
[PlyCount "92"]
[EventDate "2006.10.08"]
[EventType "team"]
[EventRounds "7"]
[EventCountry "AUT"]
[Source "lmi"]
[SourceDate "2006.10.08"]

1. d4 d5 2. c4 dxc4 3. e3 Nf6 4. Bxc4 e6 5. Nf3 c5 6. O-O Nc6 7. Qe2 cxd4 8.
Rd1 Be7 9. Nc3 e5 10. exd4 exd4 11. Be3 Bg4 12. Bb5 O-O 13. Bxc6 bxc6 14. Bxd4
Qc7 15. h3 Bxf3 16. Qxf3 Rfd8 17. Rac1 Qb7 18. b3 Rd7 19. Bxf6 Bxf6 20. Ne4 Be7
21. Rxd7 Qxd7 22. Ng3 Rc8 23. Nf5 Bf8 24. Rd1 Qe6 25. Qd3 g6 26. Ne3 Bc5 27.
Nc4 Re8 28. Kf1 Qf6 29. Qf3 Qxf3 30. gxf3 Re6 31. a3 Kf8 32. b4 Bb6 33. Rd7 Re7
34. Rd6 Rc7 35. a4 Rc8 36. a5 Bd8 37. Ne5 c5 38. bxc5 Bxa5 39. Ra6 Bc3 40. Nd7+
Ke7 41. Rxa7 Ke6 42. c6 Kd6 43. f4 h5 44. Ne5 Bxe5 45. fxe5+ Kxe5 46. Rxf7 Rxc6
1/2-1/2

[Event "European Club Cup 2006"]
[Site "Fuegen AUT"]
[Date "2006.10.09"]
[Round "2.62"]
[White "Volkmann, Friedrich"]
[Black "Nedev, Trajce"]
[Result "1/2-1/2"]
[WhiteElo "2416"]
[BlackElo "2518"]
[PlyCount "74"]
[EventDate "2006.10.08"]
[EventType "team"]
[EventRounds "7"]
[EventCountry "AUT"]
[Source "lmi"]
[SourceDate "2006.10.08"]

1. e4 c5 2. Nf3 Nc6 3. d4 cxd4 4. Nxd4 Nf6 5. Nc3 e5 6. Ndb5 d6 7. Bg5 a6 8.
Na3 b5 9. Nd5 Be7 10. Nxe7 Nxe7 11. Bxf6 gxf6 12. c4 f5 13. exf5 Nxf5 14. cxb5
O-O 15. Bd3 e4 16. Bxe4 Qe7 17. f3 d5 18. Qxd5 Rd8 19. Qxd8+ Qxd8 20. Bxa8 Qe7+
21. Be4 Qb4+ 22. Ke2 Qxb2+ 23. Nc2 Nd4+ 24. Kd2 Nxb5 25. a4 Qc3+ 26. Ke2 Nd6
27. Ra3 Qb2 28. Rd1 Nxe4 29. Rd8+ Kg7 30. Rxc8 Nd6 31. Rc5 Nb7 32. Rc8 Qe5+ 33.
Ne3 Nc5 34. Kd2 Qd6+ 35. Ke2 Qe5 36. Kd2 Qd6+ 37. Ke2 Qe5 1/2-1/2

[Event "European Club Cup 2006"]
[Site "Fuegen AUT"]
[Date "2006.10.09"]
[Round "2.63"]
[White "Stanojoski, Zvonko"]
[Black "Schweda, Roland"]
[Result "1-0"]
[WhiteElo "2488"]
[BlackElo "2451"]
[PlyCount "73"]
[EventDate "2006.10.08"]
[EventType "team"]
[EventRounds "7"]
[EventCountry "AUT"]
[Source "lmi"]
[SourceDate "2006.10.08"]

1. e4 c5 2. Nc3 a6 3. g3 b5 4. Bg2 Bb7 5. Nge2 b4 6. Na4 e5 7. d3 Bc6 8. b3 d6
9. O-O Nd7 10. Nb2 g6 11. Nc4 Qc7 12. a3 a5 13. f4 Bg7 14. f5 Ngf6 15. Ne3 h5
16. g4 hxg4 17. fxg6 fxg6 18. Ng3 Rh4 19. Qe1 Rh7 20. Qe2 O-O-O 21. Nxg4 Rdh8
22. h3 Nh5 23. Nxh5 gxh5 24. Ne3 Bh6 25. Nf5 Bxc1 26. Raxc1 Nf8 27. axb4 axb4
28. c3 bxc3 29. Rxc3 Ne6 30. Qe3 Kd7 31. b4 cxb4 32. Rc4 Rb8 33. d4 Nxd4 34.
Nxd4 exd4 35. Qf4 Rg8 36. Qf5+ Kd8 37. Rxc6 1-0

[Event "European Club Cup 2006"]
[Site "Fuegen AUT"]
[Date "2006.10.09"]
[Round "2.64"]
[White "Kremsner, Andreas"]
[Black "Colovic, Aleksandar"]
[Result "1/2-1/2"]
[WhiteElo "2214"]
[BlackElo "2459"]
[PlyCount "88"]
[EventDate "2006.10.08"]
[EventType "team"]
[EventRounds "7"]
[EventCountry "AUT"]
[Source "lmi"]
[SourceDate "2006.10.08"]

1. d4 Nf6 2. Nf3 e6 3. g3 d5 4. Bg2 b5 5. O-O Nbd7 6. b3 Bb7 7. Bb2 c5 8. c4
bxc4 9. bxc4 dxc4 10. Nbd2 Be7 11. Nxc4 O-O 12. a4 Rb8 13. Nfe5 Bxg2 14. Kxg2
Qc7 15. Ba3 Nxe5 16. dxe5 Rfd8 17. Qc2 Nd7 18. Qe4 Nb6 19. Nxb6 Rd4 20. Qc2
axb6 21. Bb2 Qc6+ 22. f3 Rd5 23. Qc4 Rbd8 24. Bc3 Bg5 25. Rfb1 Bd2 26. Ra2 Bxc3
27. Qxc3 Rd4 28. Rab2 Rb8 29. Rb5 Rxa4 30. Rxc5 Qe8 31. Rxb6 Rxb6 32. Rc8 Ra8
33. Rxe8+ Rxe8 34. Kf2 g6 35. Kg2 Reb8 36. Kf2 Rb5 37. Kg2 h5 38. Kh3 Rb2 39.
Qe3 R8b4 40. Qd3 Kg7 41. f4 R2b3 42. Qd2 Rb2 43. Qd3 R2b3 44. Qd2 Rb2 1/2-1/2

[Event "European Club Cup 2006"]
[Site "Fuegen AUT"]
[Date "2006.10.09"]
[Round "2.65"]
[White "Huzman, Alexander"]
[Black "Horvath, Adam"]
[Result "1-0"]
[WhiteElo "2585"]
[BlackElo "2495"]
[PlyCount "75"]
[EventDate "2006.10.08"]
[EventType "team"]
[EventRounds "7"]
[EventCountry "AUT"]
[Source "lmi"]
[SourceDate "2006.10.08"]

1. d4 Nf6 2. Nf3 e6 3. c4 d5 4. g3 dxc4 5. Bg2 a6 6. O-O Nc6 7. Nc3 Be7 8. e3
Rb8 9. Nd2 Qd7 10. Nxc4 b5 11. Nd2 Bb7 12. Nb3 Nd8 13. f3 b4 14. Ne2 Qb5 15. e4
a5 16. Bf4 a4 17. Nd2 Nc6 18. Rc1 Rd8 19. Nc4 Nxd4 20. Nxd4 Rxd4 21. Qxd4 Bc5
22. Nd6+ cxd6 23. Rxc5 Qxc5 24. Qxc5 dxc5 25. Bd6 Nd7 26. Rc1 f6 27. Bf1 Kf7
28. Bb5 a3 29. bxa3 bxa3 30. Rd1 Bc8 31. Rd3 Ne5 32. Rxa3 Rd8 33. Ra7+ Kg6 34.
Bxe5 fxe5 35. a4 c4 36. Bxc4 Rd1+ 37. Kf2 Bd7 38. a5 1-0

[Event "European Club Cup 2006"]
[Site "Fuegen AUT"]
[Date "2006.10.09"]
[Round "2.66"]
[White "Boros, Denes"]
[Black "Roiz, Michael"]
[Result "1/2-1/2"]
[WhiteElo "2465"]
[BlackElo "2611"]
[PlyCount "24"]
[EventDate "2006.10.08"]
[EventType "team"]
[EventRounds "7"]
[EventCountry "AUT"]
[Source "lmi"]
[SourceDate "2006.10.08"]

1. e4 e5 2. Nf3 Nc6 3. Bb5 Nf6 4. Qe2 Bc5 5. d3 d6 6. c3 O-O 7. h3 Bb6 8. Nbd2
Ne7 9. Nc4 Bc5 10. Ba4 a6 11. Bb3 Ng6 12. Be3 Ba7 1/2-1/2

[Event "European Club Cup 2006"]
[Site "Fuegen AUT"]
[Date "2006.10.09"]
[Round "2.67"]
[White "Golod, Vitali"]
[Black "Horvath, Gyula"]
[Result "1/2-1/2"]
[WhiteElo "2582"]
[BlackElo "2431"]
[PlyCount "119"]
[EventDate "2006.10.08"]
[EventType "team"]
[EventRounds "7"]
[EventCountry "AUT"]
[Source "lmi"]
[SourceDate "2006.10.08"]

1. d4 e6 2. c4 Bb4+ 3. Bd2 a5 4. g3 d6 5. Nf3 Nc6 6. Bg2 e5 7. O-O exd4 8. Bg5
f6 9. Bc1 Bc5 10. b3 Nge7 11. Bb2 Nf5 12. Na3 O-O 13. Nb5 Re8 14. a3 Kh8 15.
Re1 Be6 16. Qc2 Qd7 17. Red1 Qf7 18. Rac1 Re7 19. Nfxd4 Nfxd4 20. Nxd4 Bxd4 21.
Bxd4 Bg4 22. f3 Nxd4 23. Rxd4 Be6 24. b4 axb4 25. axb4 Rae8 26. e4 f5 27. c5
fxe4 28. cxd6 cxd6 29. Rxe4 Bf5 30. Rxe7 Qxe7 31. Qd2 h6 32. Rd1 d5 33. h4 Bg6
34. Kh2 Bf7 35. Rc1 Rd8 36. Qd4 Qd6 37. b5 Be6 38. b6 Rc8 39. Rxc8+ Bxc8 40. f4
Be6 41. f5 Bf7 42. Kh3 h5 43. Bf3 Kg8 44. Kg2 Kf8 45. Kf2 Qa3 46. Be2 Qd6 47.
Bf3 Kg8 48. Be2 Kf8 49. Ba6 Qc6 50. Qb4+ Kg8 51. Bd3 Be8 52. Ke2 Qf6 53. Qc5
Bc6 54. Qe3 Kf8 55. Kf2 Qc3 56. Be2 Qb2 57. Qc5+ Kg8 58. Qe3 Kf8 59. Qc5+ Kg8
60. Qe3 1/2-1/2

[Event "European Club Cup 2006"]
[Site "Fuegen AUT"]
[Date "2006.10.09"]
[Round "2.68"]
[White "Horvath, Tamas"]
[Black "Khmelniker, Ilya"]
[Result "0-1"]
[WhiteElo "2426"]
[BlackElo "2404"]
[PlyCount "44"]
[EventDate "2006.10.08"]
[EventType "team"]
[EventRounds "7"]
[EventCountry "AUT"]
[Source "lmi"]
[SourceDate "2006.10.08"]

1. e4 e5 2. Nf3 Nc6 3. Bb5 a6 4. Ba4 Nf6 5. O-O Nxe4 6. d4 b5 7. Bb3 d5 8. dxe5
Be6 9. Be3 Be7 10. c3 O-O 11. Nbd2 Qd7 12. Bc2 f5 13. exf6 Nxf6 14. Qb1 Kh8 15.
Nb3 Bg4 16. Nc5 Bxc5 17. Bxc5 Bxf3 18. Bf5 Qf7 19. Bxf8 Rxf8 20. gxf3 Ne5 21.
Bh3 Nxf3+ 22. Kh1 Ne4 0-1

[Event "European Club Cup 2006"]
[Site "Fuegen AUT"]
[Date "2006.10.09"]
[Round "2.69"]
[White "Dvoirys, Semen"]
[Black "Csiszar, Csaba"]
[Result "1-0"]
[WhiteElo "2553"]
[BlackElo "2440"]
[PlyCount "103"]
[EventDate "2006.10.08"]
[EventType "team"]
[EventRounds "7"]
[EventCountry "AUT"]
[Source "lmi"]
[SourceDate "2006.10.08"]

1. e4 c5 2. Nf3 Nc6 3. d4 cxd4 4. Nxd4 e5 5. Nb5 d6 6. c4 Be7 7. N1c3 a6 8. Na3
Be6 9. Nc2 Bg5 10. Bxg5 Qxg5 11. Nd5 Rc8 12. g3 Nf6 13. Bg2 O-O 14. O-O Bxd5
15. cxd5 Ne7 16. Ne3 Qg6 17. Qa4 Rc5 18. Rac1 Rb5 19. Rc7 Nc8 20. Rfc1 Nb6 21.
Qc2 Nfd7 22. Rxb7 Nc5 23. Rc7 Qf6 24. Nf5 Nc8 25. Nxd6 Nxd6 26. Rxc5 g6 27. Rc6
Rfb8 28. b3 a5 29. Bf1 Rb4 30. Qc5 Re8 31. Bg2 Rd4 32. Qxa5 Qe7 33. a4 h5 34.
h4 Kg7 35. Qe1 Rb8 36. Qe3 Rbb4 37. Qg5 Qxg5 38. hxg5 Nb7 39. Rf6 Rxb3 40. Rc7
Rb1+ 41. Kh2 Nd8 42. a5 Rb8 43. a6 Ra8 44. Rd6 Kf8 45. Rcd7 Ke8 46. Bf1 Rb4 47.
Rc7 Kf8 48. Kg2 Rb3 49. Bc4 Rb4 50. Rdd7 Ke8 51. Re7+ Kf8 52. Rxe5 1-0

[Event "European Club Cup 2006"]
[Site "Fuegen AUT"]
[Date "2006.10.09"]
[Round "2.70"]
[White "Meszaros, Tamas"]
[Black "Greenfeld, Alon"]
[Result "1/2-1/2"]
[WhiteElo "2352"]
[BlackElo "2567"]
[PlyCount "76"]
[EventDate "2006.10.08"]
[EventType "team"]
[EventRounds "7"]
[EventCountry "AUT"]
[Source "lmi"]
[SourceDate "2006.10.08"]

1. e4 c5 2. Nf3 Nc6 3. Bb5 e6 4. O-O Nge7 5. Nc3 Nd4 6. Nxd4 cxd4 7. Ne2 Qb6 8.
Ba4 d3 9. cxd3 Nc6 10. d4 Nxd4 11. Nxd4 Qxd4 12. d3 Bd6 13. Be3 Qxb2 14. d4 O-O
15. e5 Be7 16. Bc2 b6 17. Qd3 g6 18. Bh6 Re8 19. Rfb1 Qa3 20. Rb3 Qa6 21. Qc3
Rb8 22. Qd2 Bb7 23. Rh3 Qa5 24. Qe3 Rbc8 25. Bg7 Qd5 26. f3 Rxc2 27. Rd1 g5 28.
Qd3 Qxd4+ 29. Qxd4 Bc5 30. Bf6 Rc8 31. Qxc5 R2xc5 32. Rh5 Rc1 33. Rxg5+ Kf8 34.
Rxc1 Rxc1+ 35. Kf2 Ba6 36. Bg7+ Ke7 37. Bf6+ Kf8 38. Bg7+ Ke7 1/2-1/2

[Event "European Club Cup 2006"]
[Site "Fuegen AUT"]
[Date "2006.10.09"]
[Round "2.72"]
[White "Laznicka, Viktor"]
[Black "Atlas, Valery"]
[Result "1-0"]
[WhiteElo "2596"]
[BlackElo "2482"]
[PlyCount "105"]
[EventDate "2006.10.08"]
[EventType "team"]
[EventRounds "7"]
[EventCountry "AUT"]
[Source "lmi"]
[SourceDate "2006.10.08"]

1. d4 Nf6 2. c4 c5 3. d5 e5 4. Nc3 d6 5. e4 Be7 6. Be2 Nbd7 7. Nf3 Nf8 8. a3
Ng6 9. g3 O-O 10. h4 Ne8 11. Be3 a6 12. Nd2 Rb8 13. Qc2 Bd7 14. b4 b5 15. cxb5
axb5 16. a4 f5 17. exf5 Bxf5 18. Nde4 cxb4 19. Nxb5 b3 20. Qb1 b2 21. Ra2 Nf6
22. Nxf6+ Rxf6 23. Qxb2 Be4 24. Rh2 Bxd5 25. h5 Nf8 26. Ra1 Ne6 27. a5 Ba8 28.
a6 Kh8 29. a7 Rc8 30. h6 gxh6 31. Rd1 Qa5+ 32. Bd2 Qb6 33. Bxh6 Nd4 34. Be3
Qa5+ 35. Bd2 Qb6 36. Be3 Qa5+ 37. Qd2 Qxd2+ 38. Rxd2 Nxe2 39. Rxe2 Bf3 40. Rb2
Rff8 41. Rh6 Rfd8 42. Re6 Bf8 43. Rf6 e4 44. Rf7 Bg7 45. Ra2 Kg8 46. Rc7 Ra8
47. Rb7 d5 48. Nc7 Bc3+ 49. Kf1 Rxa7 50. Rbxa7 d4 51. Ra8 Rxa8 52. Rxa8+ Kf7
53. Nb5 1-0

[Event "European Club Cup 2006"]
[Site "Fuegen AUT"]
[Date "2006.10.09"]
[Round "2.73"]
[White "Novkovic, Milan"]
[Black "Heberla, Bartlomiej"]
[Result "0-1"]
[WhiteElo "2417"]
[BlackElo "2569"]
[PlyCount "48"]
[EventDate "2006.10.08"]
[EventType "team"]
[EventRounds "7"]
[EventCountry "AUT"]
[Source "lmi"]
[SourceDate "2006.10.08"]

1. d4 g6 2. Nf3 Bg7 3. c4 c5 4. d5 d6 5. e4 e6 6. Nc3 Ne7 7. Bd3 O-O 8. Bg5 h6
9. Bd2 exd5 10. exd5 Bg4 11. Be2 Nf5 12. O-O Nd7 13. Rb1 Re8 14. h3 Bxf3 15.
Bxf3 Nd4 16. Be2 Qh4 17. b3 Re7 18. Re1 Rae8 19. Bf1 Rxe1 20. Bxe1 Ne5 21. Bd2
g5 22. Ne2 Nef3+ 23. gxf3 Nxf3+ 24. Kg2 Nxd2 0-1